Selección y empaquetado de manzanas /
Guardado en:
| Autor Principal: | |
|---|---|
| Autor Corporativo: | |
| Otros Autores: | |
| Formato: | Libro |
| Idioma: | Spanish English |
| Publicado: |
Zaragoza, España :
Acribia,
c1965.
|
| Series: | Manuales de técnica agropecuaria
|
| Materias: | |
| Etiquetas: |
Agregar Etiqueta
Sin Etiquetas, Sea el primero en etiquetar este registro!
|
| LEADER | 00995nam a22002295a 4500 | ||
|---|---|---|---|
| 001 | EIQ.libpla002358 | ||
| 008 | 070531s1965####sp#af#########000#0#spa#d | ||
| 005 | 20070531195125.0 | ||
| 245 | 1 | 0 | |a Selección y empaquetado de manzanas / |c J. F. Goaman ; traducción de Horacio Marco Moll. |
| 260 | |a Zaragoza, España : |b Acribia, |c c1965. | ||
| 300 | |a viii, [167] p., 16 p. de láms : |b il. ; |c 19 cm. | ||
| 440 | 0 | |a Manuales de técnica agropecuaria | |
| 500 | |a "Este libro es traducción del boletín nº 84 Apple grading and packing (edición 1955), publicado por el Ministry of Agriculture, Fisheries and Food. Her Majesty's Stationery Office. London". | ||
| 100 | 1 | |a Goaman, J. F. | |
| 700 | 1 | |a Moll, Horacio Marco, |e tr. |4 trl | |
| 710 | 2 | |a Ministerio de Agricultura, Pesca y alimentación. | |
| 650 | 4 | |a Manzanas |x Empaquetado. | |
| 650 | 4 | |a Manzanas |x Selección. | |
| 650 | 4 | |a Apple |x Packaging. | |
| 650 | 4 | |a Apple |x Selection. | |
| 041 | 1 | |a spa |h eng | |
| 859 | |a AR-BbSID |b BIB. PLAPIQUI |h 664.09 |i G 534 |p 5682 | ||
